Μελέτη της σχέσης κατανάλωσης ενέργειας και τοπικής ανάπτυξης στη νήσο Λέσβο με την χρήση Συστημάτων Γεωγραφικών Πληροφοριών(Σ.Γ.Π.) : μεταπτυχιακή διατριβή
Αποθηκεύτηκε σε:
| Κύριος συγγραφέας: | |
|---|---|
| Συγγραφή απο Οργανισμό/Αρχή: | |
| Άλλοι συγγραφείς: | |
| Μορφή: | Thesis Βιβλίο |
| Γλώσσα: | Greek |
| Δημοσίευση: |
2010
|
| Θέματα: | |
| Διαθέσιμο Online: | http://hdl.handle.net/11610/11319 |
| Ετικέτες: |
Προσθήκη ετικέτας
Δεν υπάρχουν, Καταχωρήστε ετικέτα πρώτοι!
|
MARC
| LEADER | 00000cam a2200000 i 4500 | ||
|---|---|---|---|
| 001 | 1/20046 | ||
| 008 | 120531s2010 gre d | ||
| 035 | |l 10112636 | ||
| 040 | |a GR-MY-UA |b gre |e aacr | ||
| 041 | 0 | |a gre | |
| 082 | 0 | |a 333.79 |2 (22) | |
| 100 | 1 | |a Ζουμπούλογλου, Κωνσταντίνα. | |
| 245 | 1 | 0 | |a Μελέτη της σχέσης κατανάλωσης ενέργειας και τοπικής ανάπτυξης στη νήσο Λέσβο με την χρήση Συστημάτων Γεωγραφικών Πληροφοριών(Σ.Γ.Π.) : |b μεταπτυχιακή διατριβή / |c Ζουμπούλογλου Κωνσταντίνα ; Κουρλιούρος Ηλίας, καθηγητής, επιβλέπων |
| 260 | |c 2010 | ||
| 300 | |a 187 σ.; |c 30 εκ. | ||
| 500 | |a Τριμελής επιτροπή: Κουρλιούρος Ηλίας, καθηγητής, επιβλέπων - Χαραλαμπόπουλος Δίας, καθηγητής - Σουλακέλλης Νικόαλος, Αναπληρωτής Καθηγητής | ||
| 502 | |a Διατριβή (μεταπτυχιακή) – Πανεπιστήμιο Αιγαίου, Λέσβος, 2010. | ||
| 504 | |a Βιβλιογραφία: σ. 141-145 | ||
| 650 | 0 | 0 | |a Energy consumption |z Greece |z Lesbos (Municipality) |
| 650 | 0 | |a Electric power consumption |z Greece |z Lesbos (Municipality) | |
| 650 | 0 | 0 | |a Energy development |z Greece |z Lesbos (Municipality) |
| 650 | 0 | 0 | |a Dissertations, Academic |z Greece. |
| 700 | 1 | |a Κουρλιούρος, Ηλίας. |4 ths | |
| 710 | 2 | |a Πανεπιστήμιο Αιγαίου |b Σχολή Κοινωνικών Επιστημών |b Τμήμα Γεωγραφίας |b Μεταπτυχιακό Πρόγραμμα Σπουδών Γεωγραφία και Εφαρμοσμένη Γεωπληροφορική. | |
| 852 | |a INST |b LESVOS |c DIATR |e 20120531 |h 103 |p 005100050308 |q 005100050308 |t MTXE |y 23 | ||
| 852 | |a INST |b LESVOS |c DIATR |e 20120531 |h 104 |p 005100050309 |q 005100050309 |t MTXE |y 23 | ||
| 856 | |u http://hdl.handle.net/11610/11319 | ||
| 901 | |a BIBL1-2012-2 | ||
| 909 | |a Λ |b 173739 | ||
| 909 | |a Λ |b 173751 | ||
| 924 | |a ΖΟΥΜΠΟΥΛΟΓΛΟΥ |b ΚΩΝΣΤΑΝΤΙΝΑ |y ΛΕΣΒΟΣ |z 2012-05 | ||
| 970 | |z 2012/05/31 |a ΠΑΤΣΗ |b ΑΝΘΙΠΠΗ | ||